Jordan isomorphisms as preservers

This article is an extended version of the talk delivered by the author at The International Conference on Algebra and Related Topics (ICART) 2018 in Rabat, Morocco. In the first part we discuss certain preserver properties of Jordan *-isomorphisms on C∗-algebras and present some classical results s...

Teljes leírás

Elmentve itt :
Bibliográfiai részletek
Szerző: Molnár Lajos
Dokumentumtípus: Cikk
Megjelent: 2020
Sorozat:CONTEMPORARY MATHEMATICS 750
Tárgyszavak:
doi:10.1090/conm/750/15102

mtmt:31866348
Online Access:http://publicatio.bibl.u-szeged.hu/37403
LEADER 01564nab a2200217 i 4500
001 publ37403
005 20250808103548.0
008 250808s2020 hu o 000 eng d
022 |a 0271-4132 
024 7 |a 10.1090/conm/750/15102  |2 doi 
024 7 |a 31866348  |2 mtmt 
040 |a SZTE Publicatio Repozitórium  |b hun 
041 |a eng 
100 1 |a Molnár Lajos 
245 1 0 |a Jordan isomorphisms as preservers  |h [elektronikus dokumentum] /  |c  Molnár Lajos 
260 |c 2020 
300 |a 19-41 
490 0 |a CONTEMPORARY MATHEMATICS  |v 750 
520 3 |a This article is an extended version of the talk delivered by the author at The International Conference on Algebra and Related Topics (ICART) 2018 in Rabat, Morocco. In the first part we discuss certain preserver properties of Jordan *-isomorphisms on C∗-algebras and present some classical results showing that, to some extents, those properties in fact characterize Jordan *-isomorphisms among bijective linear transformations. In the second part we survey some of our recent results which can be regarded as non-linear characterizations of Jordan *-isomorphisms on the cones of positive elements in operator algebras and on the spaces of self-adjoint elements. Besides, we give a few new results which extend or unify certain former statements that have appeared in the literature. Finally, we also pose some open problems for further research. © 2020 American Mathematical Society. 
650 4 |a Matematika 
856 4 0 |u http://publicatio.bibl.u-szeged.hu/37403/1/JORDANISOMORPHISMSASPRESERVERS.pdf  |z Dokumentum-elérés